|
|
|
|
| LEADER |
00000cam a22000004a 4500 |
| 001 |
musev2_5405 |
| 003 |
MdBmJHUP |
| 005 |
20230905040637.0 |
| 006 |
m o d |
| 007 |
cr||||||||nn|n |
| 008 |
070808s2008 mnu o 00 0 eng d |
| 010 |
|
|
|z 2007032459
|
| 020 |
|
|
|a 9780873517379
|
| 020 |
|
|
|z 0873515986
|
| 020 |
|
|
|z 9780873515986
|
| 020 |
|
|
|z 0873517377
|
| 035 |
|
|
|a (OCoLC)794700985
|
| 040 |
|
|
|a MdBmJHUP
|c MdBmJHUP
|
| 043 |
|
|
|a n-us-mn
|
| 050 |
0 |
4 |
|a F615.H55
|b V36 2008
|
| 082 |
0 |
|
|a 977.6/00495972
|2 22
|
| 100 |
1 |
|
|a Vang, Chia Youyee,
|d 1971-
|
| 245 |
1 |
0 |
|a Hmong in Minnesota /
|c Chia Youyee Vang ; foreword by Bill Holm.
|
| 264 |
|
1 |
|a Saint Paul, MN :
|b Minnesota Historical Society Press,
|c 2008.
|
| 264 |
|
3 |
|a Baltimore, Md. :
|b Project MUSE,
|c 2012
|
| 264 |
|
4 |
|c ©2008.
|
| 300 |
|
|
|a 1 online resource (112 pages):
|b ill., map ;
|
| 336 |
|
|
|a text
|b txt
|2 rdacontent
|
| 337 |
|
|
|a computer
|b c
|2 rdamedia
|
| 338 |
|
|
|a online resource
|b cr
|2 rdacarrier
|
| 504 |
|
|
|a Includes bibliographical references (p. 81-86) and index.
|
| 505 |
0 |
|
|a Hmong in Minnesota -- A brief history of the Hmong in Laos -- Refugee resettlement in the United States -- Adjusting to modern life -- Building community -- Cultural practices -- Achievements -- Challenges -- Conclusion -- Personal account: reflections / by Mao Heu Thao.
|
| 588 |
|
|
|a Description based on print version record.
|
| 650 |
|
0 |
|a Hmong Americans
|z Minnesota
|x Social life and customs.
|
| 650 |
|
0 |
|a Hmong Americans
|z Minnesota
|x Social conditions.
|
| 650 |
|
0 |
|a Immigrants
|z Minnesota
|x History.
|
| 650 |
|
0 |
|a Refugees
|z Minnesota
|x History.
|
| 650 |
|
0 |
|a Hmong Americans
|z Minnesota
|x History.
|
| 651 |
|
0 |
|a Minnesota
|x Ethnic relations.
|
| 655 |
|
7 |
|a Electronic books.
|2 local
|
| 710 |
2 |
|
|a Project Muse.
|e distributor
|
| 830 |
|
0 |
|a Book collections on Project MUSE.
|
| 856 |
4 |
0 |
|z Texto completo
|u https://projectmuse.uam.elogim.com/book/5405/
|
| 945 |
|
|
|a Project MUSE - Custom Collection
|
| 945 |
|
|
|a Project MUSE - Archive Complete Foundation
|
| 945 |
|
|
|a Project MUSE - Archive History Foundation
|